[Event "Ceske Budejovice op-A"]
[Site "Ceske Budejovice"]
[Date "2022.07.07"]
[Round "7"]
[White "Huemer, Gerald"]
[Black "Jilek, Marcel"]
[Result "1/2-1/2"]
[WhiteElo "1627"]
[BlackElo "1565"]
[PlyCount "55"]
[EventDate "2022.07.01"]
[EventType "swiss"]
[EventRounds "9"]
[EventCountry "CZE"]
[SourceTitle "CBM 209 Extra"]
[Source "ChessBase"]
[SourceDate "2022.09.30"]
[SourceVersion "1"]
[SourceVersionDate "2022.09.30"]
[SourceQuality "1"]

1. d4 d5 2. Bf4 Nf6 3. e3 c5 4. c3 Nc6 5. Nd2 e6 6. Ngf3 Bd6 7. Bg3 0-0 8. Bd3 c4 9. Bb1 Bxg3 10. hxg3 Qd6 11. Qc2 g6 12. Ng5 e5 13. Ndf3 exd4 14. exd4 Bf5 15. Qd2 Bxb1 16. Rxb1 Rae8+ 17. Kf1 h5 18. Qf4 Qxf4 19. gxf4 Ng4 20. Nh4 Kg7 21. Re1 Rxe1+ 22. Kxe1 Re8+ 23. Kf1 f6 24. Ngf3 b5 25. f5 g5 26. Ng6 Nh6 27. Rxh5 Nxf5 28. Nf4 1/2-1/2

[Event "Ceske Budejovice op-B"]
[Site "Ceske Budejovice"]
[Date "2020.07.07"]
[Round "7"]
[White "Huemer, Gerald"]
[Black "Bastyr, Pavel"]
[Result "1-0"]
[WhiteElo "1721"]
[BlackElo "1439"]
[PlyCount "101"]
[EventDate "2020.07.01"]
[EventType "swiss"]
[EventRounds "9"]
[EventCountry "CZE"]
[SourceTitle "CBM 197 Extra"]
[Source "ChessBase"]
[SourceDate "2020.09.30"]
[SourceVersion "1"]
[SourceVersionDate "2020.09.30"]
[SourceQuality "1"]

1. d4 Nf6 2. Bf4 d5 3. e3 e6 4. Nf3 c5 5. c3 Bd7 6. Nbd2 Be7 7. Bd3 0-0 8. Ne5 c4 9. Bc2 b5 10. a3 a6 11. Ndf3 Nc6 12. h4 Nh5 13. Nxc6 Bxc6 14. Ne5 Nxf4 15. Nxc6 Nxg2+ 16. Kf1 Nxe3+ 17. fxe3 Qc7 18. Nxe7+ Qxe7 19. Qh5 g6 20. Qg5 f6 21. Qg3 e5 22. dxe5 fxe5+ 23. Ke2 e4 24. Raf1 Kg7 25. Rxf8 Rxf8 26. Rf1 Rxf1 27. Kxf1 Qf6+ 28. Qf2 Qe6 29. Bd1 a5 30. Kg2 Qe7 31. Qf4 b4 32. axb4 axb4 33. Ba4 bxc3 34. bxc3 Qa3 35. Qe5+ Kh6 36. Bc6 Qb2+ 37. Kg3 Qe2 38. Qf4+ Kg7 39. Bxd5 Qe1+ 40. Qf2 Qxc3 41. Qf7+ Kh6 42. Kf4 Qg7 43. Qxg7+ Kxg7 44. Bxc4 Kf6 45. Bd5 h6 46. Bxe4 g5+ 47. hxg5+ hxg5+ 48. Kg4 Ke5 49. Bf5 Kf6 50. e4 Ke5 51. Kxg5 1-0

[Event "Ceske Budejovice op-B"]
[Site "Ceske Budejovice"]
[Date "2020.07.06"]
[Round "6"]
[White "Huemer, Gerald"]
[Black "Kroulik, Vaclav"]
[Result "0-1"]
[WhiteElo "1721"]
[BlackElo "1442"]
[PlyCount "60"]
[EventDate "2020.07.01"]
[EventType "swiss"]
[EventRounds "9"]
[EventCountry "CZE"]
[SourceTitle "CBM 197 Extra"]
[Source "ChessBase"]
[SourceDate "2020.09.30"]
[SourceVersion "1"]
[SourceVersionDate "2020.09.30"]
[SourceQuality "1"]

1. d4 d5 2. Bf4 g6 3. e3 Bg7 4. Nf3 Nf6 5. h3 0-0 6. Nbd2 b6 7. Ne5 Nfd7 8. Ndf3 f6 9. Nd3 c5 10. c3 Nc6 11. a3 e5 12. dxe5 fxe5 13. Bg5 Qc7 14. Nc1 d4 15. exd4 exd4 16. Bc4+ Kh8 17. cxd4 Re8+ 18. Ne2 Nxd4 19. Nfxd4 Bxd4 20. 0-0 Bxb2 21. Nf4 Be5 22. Re1 Bb7 23. Ne6 Qc6 24. Qg4 h6 25. Bf6+ Nxf6 26. Qxg6 Rg8 27. Qxh6+ Nh7 28. f3 Qxf3 29. Ra2 Rxg2+ 30. Rxg2 Qxg2# 0-1

[Event "Oberoesterreich-ch op"]
[Site "Haid/Ansfelden"]
[Date "2018.03.29"]
[Round "7"]
[White "Driessen, Frank"]
[Black "Huemer, Gerald"]
[Result "0-1"]
[WhiteElo "1667"]
[BlackElo "1707"]
[PlyCount "76"]
[EventDate "2018.03.23"]
[EventType "swiss"]
[EventRounds "9"]
[EventCountry "AUT"]
[SourceTitle "EXT 2021"]
[Source "ChessBase"]
[SourceDate "2020.10.23"]
[SourceVersion "1"]
[SourceVersionDate "2020.10.23"]
[SourceQuality "1"]

1. e4 c5 2. Nf3 d6 3. c3 e6 4. d4 cxd4 5. cxd4 a6 6. Nc3 Be7 7. Be2 Nf6 8. 0-0 Nbd7 9. Bd2 b5 10. a3 Bb7 11. Bd3 Rc8 12. Re1 0-0 13. h3 Kh8 14. Nh2 Qb6 15. e5 Nd5 16. Nxd5 Bxd5 17. Be3 Qb7 18. Bf4 dxe5 19. Bxe5 Nxe5 20. Rxe5 Bd6 21. Rh5 f5 22. Qf1 g6 23. Rg5 Bf4 24. h4 Qe7 25. Rg3 Bxg3 26. fxg3 Bc4 27. Re1 Qd6 28. Bxc4 Rxc4 29. Nf3 Rfc8 30. Kh2 Rc2 31. Ng5 Qxd4 32. Rxe6 Qf2 33. Qxf2 Rxf2 34. Rxa6 Rcc2 35. Ra8+ Kg7 36. Ra7+ Kf6 37. Rf7+ Ke5 38. Nf3+ Rxf3 0-1

[Event "Lienz op-B 18th"]
[Site "Lienz"]
[Date "2015.02.08"]
[Round "3"]
[White "Huemer, Gerald"]
[Black "Ploessnig, Michael"]
[Result "1/2-1/2"]
[WhiteElo "1755"]
[BlackElo "1945"]
[PlyCount "26"]
[EventDate "2015.02.07"]
[EventType "swiss"]
[EventRounds "9"]
[EventCountry "AUT"]
[SourceTitle "CBM 165 Extra"]
[Source "ChessBase"]
[SourceDate "2015.04.21"]
[SourceVersion "1"]
[SourceVersionDate "2015.04.21"]
[SourceQuality "1"]

1. d4 Nf6 2. Bf4 e6 3. Nf3 c5 4. e3 Nh5 5. Bg5 Qb6 6. Nc3 h6 7. Bh4 g5 8. Ne5 Nf6 9. Bg3 cxd4 10. Nc4 Qc6 11. Ne5 Qb6 12. Nc4 Qc6 13. Ne5 Qb6 1/2-1/2